Výpočet a návrh zdroja tepla na drevnú štiepku pre materskú škôlku v Dunajskej Strede

Salvato in:
Dettagli Bibliografici
Autore principale: Kovácsiová, Réka (Autore)
Altri autori: Takács, Ján (Relatore della tesi)
Natura: Manoscritto Libro
Lingua:slovacco
Pubblicazione: 2018
Soggetti:
Accesso online:http://is.stuba.sk/zp/portal_zp.pl?podrobnosti=137660
https://opac.crzp.sk/?fn=detailBiblioForm&sid=752BE197E3AE405D4688F279404B
Tags: Aggiungi Tag
Nessun Tag, puoi essere il primo ad aggiungerne!!

MARC

LEADER 00000ntm a22000003a 4500
001 stuzp68143
003 SK-STU
005 20230623112440.0
007 ta
008 150427s2015----xo-----f-mn---000-0-slo-d
040 |a STU  |b slo 
041 0 |a slo 
100 1 |a Kovácsiová, Réka  |u 010290  |4 aut  |U SvF Stavebná fakulta  |T SvF Katedra technických zariadení budov  |X 74732  |U V290  |Y 31  |7 74732 
242 0 1 |a Calculation and design of heat source for wood chips for kindergarten in Dunajská Streda  |y eng 
245 1 0 |a Výpočet a návrh zdroja tepla na drevnú štiepku pre materskú škôlku v Dunajskej Strede 
260 |c 2018 
650 4 |a biomasa  |2 slo 
650 4 |a zdroj tepla  |2 slo 
650 4 |a spaľovanie biomasy  |2 slo 
650 4 |a drevná štiepka  |2 slo 
650 4 |a obnoviteľné zdroje energie  |2 slo 
650 4 |a biomass  |2 eng 
650 4 |a heat source  |2 eng 
650 4 |a biomass combustion  |2 eng 
650 4 |a wood chips  |2 eng 
650 4 |a renewable energy sources  |2 eng 
700 1 |a Takács, Ján  |u 010290  |k Z1  |4 ths  |U SvF Stavebná fakulta  |T SvF Katedra technických zariadení budov  |X 663  |U V290  |Y 31  |7 A000000663 
856 4 |u http://is.stuba.sk/zp/portal_zp.pl?podrobnosti=137660 
856 4 |u https://opac.crzp.sk/?fn=detailBiblioForm&sid=752BE197E3AE405D4688F279404B